Officiële talen van de wereld - Statistieken

Algemene statistieken
  • Deze quiz is 2.943 keer genomen
    890 sinds de laatste reset
  • De gemiddelde score is 48 van 118
Antwoordstatistieken
Land Taal % Correct
Canada, Zuid-Afrika en 56 anderen Engels
98%
België, Nederland, Suriname Nederlands
98%
Duitsland, Oostenrijk, Zwitserland en 3 anderen Duits
97%
Frankrijk, Canada en 27 anderen Frans
97%
Spanje, Colombia, Mexico en 17 anderen Spaans
97%
Portugal, Brazilië en 7 anderen Portugees
95%
Egypte, Irak, Saoedi-Arabië, 19 anderen Arabisch
93%
Rusland, Belarus, Kazachstan, Kirgizië Russisch
93%
Italië, San Marino, Zwitserland, Vaticaanstad Italiaans
90%
China, Taiwan, Singapore Chinees (Mandarijn)
89%
Zweden, Finland Zweeds
88%
Noorwegen Noors
86%
Finland Fins
85%
Japan Japans
85%
Cyprus, Griekenland Grieks
83%
Turkije, Cyprus Turks
82%
Zuid-Korea, Noord-Korea Koreaans
81%
Polen Pools
80%
Denemarken Deens
78%
Hongarije Hongaars
78%
Ierland Iers
77%
Roemenië, Moldavië Roemeens
74%
Bulgarije Bulgaars
72%
Thailand Thais
71%
Bosnia en Herzegovina, Kroatië Servo-Kroatisch (Kroatisch)
70%
Albania, Kosovo, Noord-Macedonië Albanees
69%
Letland Lets
69%
Indonesië Maleisisch (Indonesisch)
69%
Servië, Bosnia en Herzegovina, Kosovo Servo-Kroatisch (Servisch)
69%
IJsland IJslands
68%
Slovenië Sloveens
68%
Zuid-Afrika Afrikaans
66%
Estland Ests
65%
Vietnam Vietnamees
64%
Litouwen Litouws
62%
Armenië Armeens
61%
Israël Hebreeuws
57%
Fiji Hindoestaans (Fiji Hindi)
57%
India Hindoestaans (Hindi)
57%
Mongolië Mongools
57%
Slowakije Slowaaks
55%
Tsjechië Tsjechisch
54%
Georgië Georgisch
53%
Maleisië, Singapore, Brunei Maleisisch
53%
Bosnië en Herzegovina Servo-Kroatisch (Bosnisch)
53%
Afghanistan Pasjtoe
50%
Afghanistan Perzisch (Darī)
49%
Luxemburg Luxemburgs
48%
Oekraïne Oekraïens
48%
Iran Perzisch
47%
Filipijnen Filipijns
45%
Kazachstan Kazachs
44%
Cambodja Cambodjaans
41%
Nepal Nepalees
41%
Kenya, Rwanda, Tanzania, Oeganda Swahili
41%
Malta Maltees
40%
Belarus Wit-Russisch
39%
Andorra Catalaans
36%
Noord-Macedonië Macedonisch
36%
Marokko, Algerije Berbers
35%
Bangladesh Bengali
34%
Oezbekistan Oezbeeks
34%
Somalië, Ethiopië Somalisch
33%
Azerbeidzjan Azerbeidzjaans
31%
Kirgizië Kirgizisch
28%
Zuid-Afrika Zulu
28%
Pakistan Hindoestaans (Urdu)
26%
Zwitserland Romaans
25%
Haïti
Haïtiaans Creools
24%
Nieuw-Zeeland Maori
24%
Samoa Samoaans
24%
Montenegro Servo-Kroatisch (Montenegrijns)
23%
Turkmenistan Turkmeens
23%
Irak Koerdisch
21%
Sri Lanka, Singapore Tamil
20%
Bolivia, Peru Quechua
17%
Tonga Tongaans
17%
Zuid-Afrika Xhosa
17%
Laos Laotiaans
16%
Myanmar Birmaans
15%
Palau Palaus
15%
Rwanda Kinyarwanda
14%
Noorwegen Samisch
14%
Tadzjikistan Tadzjieks
14%
Ethiopië Amhaars
13%
Fiji Fijisch
13%
Tuvalu Tuvaluaans
13%
Zuid-Afrika, Lesotho Zuid-Sotho
13%
Mauritius Mauritiaans Creools
12%
Nauru Nauruaans
12%
Zuid-Afrika, Eswatini Swazi
12%
Paraguay Guaraní
11%
Madagaskar Malagasi
11%
Maldiven Maldivisch
11%
Zuid-Afrika, Botswana Tswana
11%
Comoren Comorees
10%
Bolivia, Peru Aymara
9%
Bhutan Dzongkha
9%
Burundi Kirundi
9%
Marshalleilanden Marshallees
9%
Seychellen Seychellencreools
9%
Eritrea, Ethiopië Tigrinya
9%
Kiribati Gilbertees
8%
Zuid-Afrika Noord-Sotho
8%
Ethiopië Oromo
8%
Sri Lanka Sinhala
8%
Zuid-Afrika Zuid-Ndebele
7%
Ethiopië Afar
6%
Zimbabwe Noord-Ndebele
6%
Centraal Afrikaanse Republiek Sango
6%
Papoea-Nieuw-Guinea Tok Pisin
6%
Zuid-Afrika Tsonga
6%
Vanuatu Bislama
5%
Papoea-Nieuw-Guinea Hiri Motu
5%
Oost-Timor Tetun
5%
Zuid-Afrika Venda
5%
Zimbabwe Shona
4%
Malawi Chewa
3%
Geen overeenkomende quizzen gevonden
Scoreverdeling
Procent van Mensen met Elke Score
Percentiel versus Aantal Correcte Antwoorden
Uw Scoregeschiedenis
U heeft deze quiz nog niet genomen sinds de laatste reset